000
00197nam a2200085Ia 4500
008
250605s9999 xx 000 0 und d
041
_a
eng
100
_a
Amar Nath Pandey
245
_a
Kotak Mahindra Bank
999
_c
44322
_d
44322